00481nam a22001577a 4500008004100000020001500041040001500056050002900071100001700100245005400117260005100171300001400222650002700236650004200263650001800305190525b xxu||||| |||| 00| 0 eng d a8131305089 aKABUcKABU aPN5450.5b.B36 2009 c. 1 aBansal, S.K. aInformation technology in journalismcS.K. Bansal aNew DelhibA.P.H. Publishing Corporationc2009 av, 272 p. aInformation technology aJournalismxTechnological innovations aDigital media